000 00483nam a2200193 a 4500
001 1769488318985
003 YourLibrary
005 20260128114523.0
008 260127s1999##################000#0#eng##
020 _a9780121835804
082 0 4 _a302.2345
_bCOM
100 1 _aComstock, George,
_eauthor.
245 1 0 _aTelevision :
260 _bAcademic Press,
_c1999.
300 _a408 pages
650 0 _aEducation.
942 _cENGLISH
040 _aYourLibrary
_beng
_cYourLibrary
999 _c609370
_d609370